| 000 | 01007nam a2200265Ia 4500 | ||
|---|---|---|---|
| 003 | OSt | ||
| 005 | 20221005103111.0 | ||
| 006 | a|||||r|||| 00| 0 | ||
| 007 | ta | ||
| 008 | 221004b |||||||| |||| 00| 0 hin d | ||
| 020 | _c150 | ||
| 024 | _a82428 | ||
| 037 |
_b1552, 30/03/2005, P.T. Book International _cTextual |
||
| 040 |
_aCRL _cCRL _bhin |
||
| 041 |
_2hin _ahin |
||
| 082 | _a4:(P152), 152P4 | ||
| 100 | _aअली, मुश्ताक | ||
| 245 | 0 | _aप्रयोजनमूलक हिन्दी और आधुनिक पत्रकारिता | |
| 246 | _aPrayojanamūlak hindī aur ādhunik patrakāritā | ||
| 260 |
_aइलाहाबाद _bसाहित्य संगम भारत _c2004 |
||
| 300 |
_a160पृ0 _ccm. |
||
| 650 | _aहिन्दी पत्रकारिता | ||
| 942 |
_h4:(P152), 152P4 _cTEXL _2cc |
||
| 999 |
_c1009444 _d1009444 |
||